000 00600nam a2200229Ia 4500
003 OSt
005 20220918221106.0
006 a|||||r|||| 00| 0
007 ta
008 220917b |||||||| |||| 00| 0 eng d
024 _a148,266
037 _cTextual
040 _aARTS
_cARTS
_beng
041 _2eng
_aeng
082 _aS8:7, K4
100 _aHurrow Trigant
_9139080
245 0 _aPreconscious foundations of human experience ed by William E Galt
260 _c1964
650 _aSOCIAL PSYCHOLOGY
942 _hS8:7, K4
_cTEXL
_2CC
999 _c270943
_d270943